اظھار : (Record no. 108196)

MARC details
000 -LEADER
fixed length control field 00872nam a22002537a 4500
005 - DATE AND TIME OF LATEST TRANSACTION
control field 20170123162336.0
010 ## - LIBRARY OF CONGRESS CONTROL NUMBER
LC control number A-791283
020 ## - INTERNATIONAL STANDARD BOOK NUMBER
Terms of availability 100.00
035 ## - SYSTEM CONTROL NUMBER
System control number A-791283
037 ## - SOURCE OF ACQUISITION
Source of stock number/acquisition Cen Lib/Ret
040 ## - CATALOGING SOURCE
Original cataloging agency DPL
Language of cataloging UR
082 ## - DEWEY DECIMAL CLASSIFICATION NUMBER
Classification number 841.08
Item number گ ل ا
100 ## - MAIN ENTRY--PERSONAL NAME
Personal name گلاٹی، آزاد
9 (RLIN) 124608
245 ## - TITLE STATEMENT
Title اظھار :
Statement of responsibility, etc آزاد گلاٹی
Remainder of title تنقیدی مضامین /
246 ## - VARYING FORM OF TITLE
Title proper/short title Izhar : tanqidi mazameen /
Remainder of title by Azad Gulati
260 ## - PUBLICATION, DISTRIBUTION, ETC. (IMPRINT)
Place of publication, distribution, etc نیی دہلی
Name of publisher, distributor, etc موڈرن پبلشنگ ہاؤس
Date of publication, distribution, etc 1996
270 ## - ADDRESS
City نیی دہلی
Address ٩، گولہ مارکیٹ دریاگنج
Postal code 110002
300 ## - PHYSICAL DESCRIPTION
Extent 136p.
Dimensions 21cm(Hb)
650 ## - SUBJECT ADDED ENTRY--TOPICAL TERM
Topical term or geographic name as entry element ادب - اردو
9 (RLIN) 124609
650 ## - SUBJECT ADDED ENTRY--TOPICAL TERM
Topical term or geographic name as entry element اردو نظم - تنقید
9 (RLIN) 663
650 ## - SUBJECT ADDED ENTRY--TOPICAL TERM
Topical term or geographic name as entry element Literature -- Urdu
9 (RLIN) 124610
650 ## - SUBJECT ADDED ENTRY--TOPICAL TERM
Topical term or geographic name as entry element Urdu Poem -- Criticism
9 (RLIN) 124611
942 ## - ADDED ENTRY ELEMENTS (KOHA)
Source of classification or shelving scheme Dewey Decimal Classification
Koha item type Urdu Bks
Classification part 841.08
Call number suffix گ ل ا
Holdings
Withdrawn status Lost status Damaged status Not for loan Home library Current library Date acquired Source of acquisition Cost, normal purchase price Total Checkouts Full call number Barcode Date last seen Copy number Cost, replacement price Price effective from Koha item type
        Central Library Central Library 15/01/2016 Cen Lib/Ret 100.00   841.08 گ ل ا A-791283 15/01/2016 1 100.00 15/01/2016 Urdu Bks

© Delhi Public Library
Hit Counter
free hit counter